Preparing to outsource (Record no. 80136)

MARC details
000 -LEADER
fixed length control field 00917cab a22001935a 4500
001 - CONTROL NUMBER
control field L143318
008 - FIXED-LENGTH DATA ELEMENTS--GENERAL INFORMATION
fixed length control field 080424s2008 xxk f 000 0 eng d
035 ## - SYSTEM CONTROL NUMBER
System control number (Sirsi) u143318
041 0# - LANGUAGE CODE
Language code of text/sound track or separate title eng
100 1# - MAIN ENTRY--PERSONAL NAME
Personal name Thomas, Melita
245 00 - TITLE STATEMENT
Title Preparing to outsource
260 ## - PUBLICATION, DISTRIBUTION, ETC.
Date of publication, distribution, etc. 2008
490 #0 - SERIES STATEMENT
Series statement Facilities Management
Volume/sequential designation 15(7) April 2008, 18-19(2)
520 ## - SUMMARY, ETC.
Summary, etc. Argues that good planning and clear aims and objectives are the way to successfully outsource non-essential activities. Lists reasons for considering outsourcing. Asks what outsourcing is meant to achieve. Using rent reviews as an example, considers what activities should be outsourced. Notes that it is important to think through what will happen after the contract is in place, and the need for an exit strategy.
590 ## - LOCAL NOTE (RLIN)
Local note KA
651 #4 - SUBJECT ADDED ENTRY--GEOGRAPHIC NAME
Geographic name United Kingdom
Chronological subdivision
690 ## - LOCAL SUBJECT ADDED ENTRY--TOPICAL TERM (OCLC, RLIN)
Topical term or geographic name as entry element PROPERTY-COMMERCIAL PROPERTY-COMMERCIAL PROPERTY MANAGEMENT
942 ## - ADDED ENTRY ELEMENTS (KOHA)
Suppress in OPAC 0
Holdings
Withdrawn status Lost status Source of classification or shelving scheme Damaged status Not for loan Home library Current library Shelving location Date acquired Total Checkouts Full call number Barcode Date last seen Copy number Price effective from Koha item type
    Dewey Decimal Classification     London London Journal article 24/04/2008   L143318 143318-1001 06/08/2019 1 06/08/2019 Journal article